100 Number Matching Madness Quiz Stats

 Plays Quiz Updated Nov 17, 2014

Also try: Match 'em Up Pairs
Challenge
Share
Tweet
Score 0/100 Timer 09:00
77 Plays Today
% Correct
???
88.9%
???
85.7%
???
85%
???
84.6%
???
83%
???
81.4%
???
80.8%
???
79.6%
???
79.6%
???
79.4%
???
79.2%
???
79.1%
???
79%
???
78.9%
???
78.7%
???
77.6%
???
75.8%
???
75.7%
???
75.4%
???
73.7%
???
73.7%
???
73.5%
???
72.3%
???
71.7%
???
70.4%
???
70.3%
???
70%
???
69.9%
???
67.8%
???
67.7%
???
67.2%
???
67.1%
???
67%
???
67%
% Correct
???
66.9%
???
66.7%
???
66.6%
???
66.5%
???
65.9%
???
65.8%
???
65.4%
???
64.6%
???
64.1%
???
62.8%
???
62.2%
???
62%
???
61.7%
???
61.4%
???
60.4%
???
60.1%
???
59.8%
???
59.4%
???
59.1%
???
58.5%
???
58.2%
???
57.6%
???
57.6%
???
57.3%
???
56.6%
???
56.3%
???
56%
???
55.9%
???
55.7%
???
55.7%
???
55.5%
???
55.4%
???
54.7%
???
53.2%
% Correct
???
53.1%
???
52.6%
???
51.8%
???
51.8%
???
51.7%
???
51.6%
???
51.6%
???
51.4%
???
51.3%
???
50.7%
???
50.5%
???
50.5%
???
49.4%
???
49.3%
???
49.2%
???
48.9%
???
48.8%
???
48.4%
???
48.4%
???
48.2%
???
48.1%
???
48.1%
???
47.9%
???
47.8%
???
47.7%
???
47%
???
46.7%
???
46.6%
???
46.6%
???
46.4%
???
46%
???
45.6%

You're not logged in!

Compare scores with friends on all Sporcle quizzes.
Join for Free
OR
Log In

You Might Also Like...

Show Comments

Extras

Top Quizzes Today


Score Distribution

Your Account Isn't Verified!

In order to create a playlist on Sporcle, you need to verify the email address you used during registration. Go to your Sporcle Settings to finish the process.

Report this User

Report this user for behavior that violates our Community Guidelines.

Details: